000 00515nam a2200133Ia 4500
008 191206s9999 xx 000 0 und d
020 _a600354644
090 _aQE31.B4713
245 0 _anew Larousse encyclopedia of the earth
260 _aHamlyn
260 _cc1972
300 _a"425 p. illus. (some col.), maps. 30 cm."
999 _c16553
_d16553